Guess the Harry Styles song with no hints #8 - Statistics

General Stats
  • This quiz has been taken 83 times
  • The average score is 173 of 208
Answer Stats
Answer % Correct
a
98%
I
98%
it
98%
you
98%
the
97%
We
97%
your
97%
it's
95%
It's
95%
my
95%
where
95%
Baby,
93%
​baby,
93%
​Baby,
93%
life,
93%
life
93%
love
93%
me
93%
of
93%
were
93%
what
93%
do
91%
(Ooh)
91%
where
91%
don't
90%
Don't
90%
In
90%
know
90%
to
90%
To
90%
when
90%
find
88%
not
88%
on
88%
all
84%
and
84%
lost
83%
time
83%
but
81%
But,
81%
go
81%
at
79%
Maybe
79%
what's
79%
Are
78%
can
78%
till
78%
as
76%
behind
76%
every
76%
for
76%
leave
76%
like
76%
us
76%
same
74%
same?
74%
wanted,
74%
away
72%
I've
72%
wanted,
72%
well
72%
with
72%
friends
71%
Just
71%
name
69%
somethin'
69%
afternoon
67%
anymore
67%
back
67%
news,
67%
place,
67%
remember
67%
Take
67%
take
67%
that
67%
always
66%
else's
66%
hotel,
66%
really
66%
someone
66%
they
64%
usin'
64%
walk
62%
been
60%
fly
60%
Sunday
60%
get
59%
doin'
57%
everything
57%
half
57%
land
55%
through
55%
you'll
55%
pretend
53%
unfortunate
52%
woah
52%
won't
52%
Jonny's
48%
coordinates
45%
ends
45%
creases
41%
No matching quizzes found
Score Distribution
Percent of People with Each Score
Percentile by Number Answered
Your Score History
You have not taken this quiz